[Event "Wch U20"]
[Site "Zagan"]
[Date "1997.07.18"]
[Round "5"]
[White "Sarakauskas, Gediminas"]
[Black "Malakhatko, Vadim"]
[Result "0-1"]
[WhiteElo "2295"]
[BlackElo "2445"]

1.e4 e6 2.d4 d5 3.Nc3 Bb4 4.e5 Ne7 5.a3 Bxc3+ 6.bxc3 c5 7.Qg4 Kf8 8.Nf3 Qa5
9.Bd2 Qa4 10.Ra2 Nbc6 11.Bd3 h6 12.O-O b6 13.c4 Ba6 14.dxc5 bxc5 15.Rb1 Bxc4
16.Bxc4 Qxc4 17.Qxc4 dxc4 18.Be3 g5 19.Bxc5 Kg7 20.h3 Nd5 21.Rb7 Nc3 22.Ra1 Rab8
23.Rc7 Rbc8 24.Rxc8 Rxc8 25.Kf1 Rb8 26.Nd2 Rb2 27.Nxc4 Rxc2 28.Ne3 Rb2 29.Nd1 Nxd1
30.Rxd1 Rb5 31.Rc1 Ra5 32.Bb4 Nxb4 33.axb4 Rxe5 34.Ra1 Rb5 35.Rxa7 Rxb4 36.g4 h5
37.gxh5 Rh4 38.Kg2 Rxh5 39.Ra5 Kg6 40.Kg3 Rh4 41.Rb5 Ra4 42.Rc5 Ra3+ 43.Kg2 Ra4
44.Kg3 f6 45.Rb5 Rd4 46.Ra5 Rd3+ 47.Kg2 e5 48.Ra4 Kf5 49.Ra6 e4 50.Ra5+ Kf4
51.Ra4 Rd2 52.Rb4 f5 53.Ra4 Ke5 54.Ra5+ Rd5 55.Ra8 f4 56.Ra2 Rd1 57.Ra5+ Kd4
58.Ra4+ Kd3 59.Ra3+ Ke2 60.Ra2+ Rd2 61.Ra5 e3 62.fxe3 f3+ 63.Kg3 f2 64.Rf5 f1=Q
65.Rxf1 Kxf1 66.Kg4 Rd5  0-1

[Event "Wch U20 Girls"]
[Site "Zagan"]
[Date "1997.07.18"]
[Round "5"]
[White "Sergeeva, Maria"]
[Black "Bobrowska, Monika"]
[Result "0-1"]
[WhiteElo "2165"]
[BlackElo "2360"]

1.e4 e6 2.d4 d5 3.Nc3 Bb4 4.e5 b6 5.Qg4 Bf8 6.Bg5 Qd7 7.h4 h6 8.Be3 Ba6 9.Bxa6 Nxa6
10.Qe2 Nb8 11.Nh3 c5 12.Nf4 cxd4 13.Bxd4 Nc6 14.O-O-O Nxd4 15.Rxd4 Ne7 16.Nh5 O-O-O
17.Nb5 Nc6 18.Ra4 a5 19.Rh3 Kb7 20.Rb3 Rc8 21.a3 Rg8 22.Rg4 Bc5 23.Nf4 Nxe5
24.Qxe5 a4 25.Rf3 Qxb5 26.Nd3 Rc7 27.Rxg7 Bd6 28.Qf6 Be7 29.Qe5 Rxg7 30.Qxg7 Qc4
31.Ne1 Qe2 32.Re3 Qxf2 33.Qg3 Qxg3 34.Rxg3 Bxh4 35.Re3 Bg5  0-1

[Event "RUS-Cup10"]
[Site "Tomsk"]
[Date "1997.07.23"]
[Round "3"]
[White "Yurtaev, Leonid"]
[Black "Tulchinsky, Mikhail"]
[Result "1-0"]
[WhiteElo "2520"]
[BlackElo "2305"]

1.e4 e6 2.d4 d5 3.Nc3 Bb4 4.e5 b6 5.a3 Bf8 6.Nf3 a5 7.h4 h6 8.h5 Ba6 9.Bxa6 Nxa6
10.Rh4 Ne7 11.Rf4 Qd7 12.b3 c6 13.a4 Nc8 14.Rg4 b5 15.Bd2 Nc7 16.Ne2 b4 17.Nf4 Na6
18.Nd3 Rb8 19.Rc1 Ne7 20.Nh4 c5 21.dxc5 Nc6 22.Qe2 Qa7 23.Be3 Nxc5 24.Bxc5 Bxc5
25.Rxg7 Nd4 26.Qd2 Be7 27.Nf3 Nxf3+ 28.gxf3 Bg5 29.f4 Kf8 30.fxg5 Kxg7 31.Ke2 Qd4
32.Rg1 Rbc8 33.Kf1 Qh4 34.gxh6+ Kf8 35.Nf4 Rc3 36.Qd4 Qe7 37.Rg6 Ke8 38.Rg7 Rxh6
39.Rg8+ Kd7 40.Qa7+ Rc7 41.Qa8 Rxc2 42.Qb7+ Rc7 43.Qb5+ Rc6 44.Nxd5 Qc5 45.Qb7+ Rc7
46.Nxc7 Qc1+ 47.Kg2 Qxc7 48.Qf3 Qxe5 49.Qxf7+ Kc6 50.Qe8+ Kb7 51.Qa8+ Kb6
52.Rb8+  1-0

[Event "RUS-Cup10"]
[Site "Tomsk"]
[Date "1997.07.28"]
[Round "7"]
[White "Voitsekhovsky, Stanislav"]
[Black "Temirbaev, Serik"]
[Result "1/2-1/2"]
[WhiteElo "2480"]
[BlackElo "2475"]

1.e4 e6 2.d4 d5 3.Nc3 Bb4 4.e5 b6 5.Bd2 Qd7 6.Bb5 c6 7.Ba4 a5 8.a3 Bf8 9.Nce2 Ne7
10.Nf3 Na6 11.c3 Nc7 12.O-O Ba6 13.Bc2 a4 14.Re1 Bb5 15.Ng3 h6 16.Nh5 Kd8
17.Nh4 Kc8 18.f4 Kb7 19.g4 g6 20.Ng3 c5 21.f5 gxf5 22.gxf5 cxd4 23.cxd4 Nc6
24.Be3 Rg8 25.Kh1 Na5 26.Rb1 Nc4 27.Bf4 Bc6 28.Nh5 Be7 29.f6 Bf8 30.Rg1 Rxg1+
31.Kxg1 b5 32.Ng7 b4 33.axb4 a3 34.bxa3 Nxa3 35.Rb2 Nc4 36.Rb1 Na3 37.Rb2 Nc4  1/2-1/2

[Event "Montecatini Terme op"]
[Site "Montecatini Terme"]
[Date "1997.08.04"]
[Round "4"]
[White "Zelcic, Robert"]
[Black "Prakken, Gerrit"]
[Result "1-0"]
[WhiteElo "2530"]
[BlackElo "2255"]

1.e4 e6 2.d4 d5 3.Nc3 Bb4 4.e5 Ne7 5.Qg4 c5 6.dxc5 Nbc6 7.Bd2 O-O 8.Nf3 f5
9.exf6 Rxf6 10.O-O-O e5 11.Qh5 Bf5 12.Bg5 Bxc3 13.Bxf6 Bxb2+ 14.Kxb2 gxf6
15.Bc4 Bg6 16.Qh4 Kg7 17.Bb3 Qa5 18.g4 d4 19.Qg3 Qc3+ 20.Kb1 Nb4 21.Nxd4 exd4
22.Qxc3 dxc3 23.Rd7 Kf8 24.Re1 Nbc6 25.f4 Rb8 26.f5 Bf7 27.Rd6 Ng8 28.Re3 Re8
29.Rxe8+ Bxe8 30.h4 Nce7 31.Rd8 Nc6 32.Ra8 Nh6 33.Be6 Ke7 34.g5 fxg5 35.hxg5 Nf7
36.Bxf7 Kxf7 37.g6+ hxg6 38.fxg6+ Ke7 39.g7 Bf7 40.g8=Q Bxg8 41.Rxg8 Ke6
42.Rg7 Na5 43.c6 Nxc6 44.Rxb7 Kd5 45.a3 a5 46.Ka2 a4 47.Kb1 Kc5 48.Kc1  1-0

[Event "Budapest FS08 GM"]
[Site "Budapest"]
[Date "1997.08.09"]
[Round "8"]
[White "Arnold, Lothar"]
[Black "Karatorossian, David"]
[Result "1-0"]
[WhiteElo "2350"]
[BlackElo "2335"]

1.e4 e6 2.d4 d5 3.Nc3 Bb4 4.e5 b6 5.Qg4 Bf8 6.Nh3 Ne7 7.Nf4 Ng6 8.Be3 Ba6
9.Bxa6 Nxa6 10.h4 Nxf4 11.Qxf4 Nb4 12.O-O-O h5 13.Qg3 g6 14.Bg5 Be7 15.Kb1 Qd7
16.Qf4 Nc6 17.Rh3 Rh7 18.Ne2 O-O-O 19.Ng1 Bxg5 20.hxg5 Rhh8 21.Ne2 Kb8 22.Rdh1 Rhf8
23.f3 Rc8 24.g4 hxg4 25.fxg4 Na5 26.Rf1 Nc4 27.Nc3 c5 28.b3 cxd4 29.Qxd4 Na3+
30.Kb2 Qe7 31.Qa4 Nc4+ 32.bxc4 Rxc4 33.Qa3 Rb4+ 34.Ka1 a5 35.Nb5 Qc5 36.Nd6 Qxc2
37.Rc1 Qd2 38.Rd3 Qxg5 39.Qc3 Qe7 40.Qc6 Rd8 41.Rb3 Rxb3 42.axb3 Ka7 43.Kb2 Ka6
44.Qb5+ Ka7 45.Nc8+  1-0

[Event "MK Cafe op-A"]
[Site "Koszalin"]
[Date "1997.08.10"]
[Round "9"]
[White "Kielczewski, Krzysztof"]
[Black "Kokkila, Tero"]
[Result "0-1"]
[WhiteElo "2220"]
[BlackElo "2335"]

1.e4 e6 2.d4 d5 3.Nc3 Bb4 4.e5 Qd7 5.Ne2 b6 6.a3 Bf8 7.g3 Ba6 8.Bg2 Ne7 9.O-O Nf5
10.b4 Bc4 11.Be3 a5 12.Rb1 axb4 13.axb4 Nc6 14.b5 Na7 15.g4 Nh4 16.f4 h5
17.gxh5 Nxb5 18.Nxb5 Bxb5 19.Bh3 Rxh5 20.Ng3 Bxf1 21.Bxf1 Rh8 22.Bb5 c6 23.Bd3 b5
24.Qf1 Kd8 25.f5 Be7 26.Bd2 g6 27.f6 Ba3 28.Bg5 Nf5 29.Ne2 Qa7 30.Bxf5 gxf5
31.h4 Qa4 32.Qd1 Kd7 33.Kg2 Qc4 34.Ng1 Bb4 35.Nf3 Ra2 36.Ra1 Rxa1 37.Qxa1 Qxc2+
38.Kg3 Qa4 39.Qc1 Qa3 40.Qh1 Bc3  0-1

[Event "MK Cafe op-A"]
[Site "Koszalin"]
[Date "1997.08.11"]
[Round "10"]
[White "Murawski, Grzegorz"]
[Black "Socko, Bartosz"]
[Result "0-1"]
[WhiteElo "2275"]
[BlackElo "2435"]

1.e4 e6 2.d4 d5 3.Nc3 Bb4 4.e5 Ne7 5.a3 Bxc3+ 6.bxc3 c5 7.Qg4 Kf8 8.Nf3 Qa5
9.Bd2 Qa4 10.Be2 Qxc2 11.dxc5 Nd7 12.O-O Nxc5 13.Be3 b6 14.Nd4 Qe4 15.Qg3 Ba6
16.Bxa6 Nxa6 17.Rae1 Qg6 18.Qh3 h5 19.f4 Nf5 20.Nxf5 Qxf5 21.Qxf5 exf5 22.Rd1 Nc7
23.c4 dxc4 24.Rd7 Rc8 25.Rfd1 Rh6 26.Bd2 Rc6 27.Bb4+ Kg8 28.Re7 c3 29.Rc1 a5  0-1

[Event "MK Cafe op-A"]
[Site "Koszalin"]
[Date "1997.08.11"]
[Round "10"]
[White "Novikov, Yury"]
[Black "Grinfeld, Alla B"]
[Result "1/2-1/2"]
[WhiteElo "2370"]
[BlackElo "2275"]

1.e4 e6 2.d4 d5 3.Nc3 Bb4 4.e5 Ne7 5.a3 Bxc3+ 6.bxc3 b6 7.Qg4 Ng6 8.h4 h5
9.Qd1 Ba6 10.Bxa6 Nxa6 11.Bg5 Qd7 12.Ne2 Qc6 13.O-O Ne7 14.Qd2  1/2-1/2

[Event "ST Lee Cup 4th"]
[Site "Beijing"]
[Date "1997.08.25"]
[Round "3"]
[White "Xu Yuhua"]
[Black "Zhang Zhong"]
[Result "1/2-1/2"]
[WhiteElo "2335"]
[BlackElo "2475"]

1.e4 e6 2.d4 d5 3.Nc3 Bb4 4.e5 b6 5.a3 Bf8 6.f4 Nh6 7.Nf3 Nf5 8.Bd3 Ba6 9.Bxa6 Nxa6
10.Qd3 Nb8 11.g4 Nh4 12.Nxh4 Qxh4+ 13.Qg3 Be7 14.Be3 c5 15.O-O-O Qxg3 16.hxg3 cxd4
17.Bxd4 Nc6 18.Ne2 O-O-O 19.c3 h6 20.Ng1 b5 21.Nf3 Kd7 22.b4 a5 23.Kb2 Ra8
24.Ra1 Rhc8 25.Rhd1 Ra6 26.Rd3 Rc7 27.Rad1 Ra8 28.Bf2 Rac8 29.Bb6 Rb7 30.Bf2 Rbc7
31.Bb6 Rb7 32.Bf2  1/2-1/2

[Event "Budapest FS09 IM"]
[Site "Budapest"]
[Date "1997.09.13"]
[Round "8"]
[White "Grabics, Monika"]
[Black "Karatorossian, David"]
[Result "1-0"]
[WhiteElo "2330"]
[BlackElo "2335"]

1.e4 e6 2.d4 d5 3.Nc3 Bb4 4.e5 b6 5.a3 Bxc3+ 6.bxc3 Qd7 7.Qg4 f5 8.Qg3 Ba6
9.Bxa6 Nxa6 10.Ne2 O-O-O 11.a4 Nb8 12.O-O Nc6 13.Qd3 Na5 14.Bg5 Ne7 15.Qa6+ Kb8
16.Rfb1 Ka8 17.Nc1 Rb8 18.Bxe7 Qxe7 19.Nb3 Nxb3 20.Rxb3 Qd7 21.c4 dxc4 22.Qxc4 Rhd8
23.Rd1 c6 24.Qe2 Qb7 25.h4 Rd5 26.c4 Qa6 27.Rb4 Ra5 28.Qf3 Qb7 29.c5 b5 30.Rdb1 a6
31.axb5 axb5 32.R4b3 Qd7 33.Qc3 Ra7 34.Ra1 Rb7 35.Rd1 Qd5 36.h5 Ra4 37.h6 g5
38.Ra3 Rba7 39.Rxa4 Rxa4 40.Qe3 Qd8 41.Qf3 Kb7 42.Qh5 Qe7 43.Rd3 g4 44.Kh2 Ka6
45.Kg3 Qd7 46.Qh1 Qd5 47.f3 gxf3 48.gxf3 Qd8 49.Qh4 Qg8+ 50.Kf4 Ra2 51.Qe7 Qg6
52.Qf8 b4 53.Rd1 Kb5 54.Rc1 Ka4 55.Rb1 Qg2 56.Qa8+ Kb5 57.Qb7+ Kc4 58.Qxb4+ Kd5
59.Qb3+ Kxd4 60.Qe3+ Kd5  1-0

[Event "Oberliga Wuert9798"]
[Site "Wuerttemberg"]
[Date "1997.10.19"]
[Round "2"]
[White "Bauer, Peter"]
[Black "Lang, Marc"]
[Result "1/2-1/2"]
[WhiteElo "2255"]
[BlackElo "2350"]

1.e4 e6 2.d4 d5 3.Nc3 Bb4 4.e5 Ne7 5.a3 Bxc3+ 6.bxc3 c5 7.a4 Nbc6 8.Nf3 Qa5
9.Qd2 Bd7 10.Be2 f6 11.O-O fxe5 12.Nxe5 Nxe5 13.dxe5 O-O 14.c4 Qxd2 15.Bxd2 Bc6
16.cxd5 Bxd5 17.c4 Bc6 18.Be3 b6 19.g4 Ng6 20.f4 Nh4 21.Rf2 g5 22.a5 Ng2
23.Rxg2 gxf4 24.Bxf4 Rxf4 25.Rf2 Rd4 26.axb6 axb6 27.Rxa8+ Bxa8 28.Rf6 Bc6
29.Rxe6 Bd7 30.Rd6 Rxd6 31.exd6 h6 32.h3 Kf7 33.Bd3 Be6 34.Kf2 Kf6 35.Ke3 Bf7
36.Kf4 Ke6 37.g5 hxg5+ 38.Kxg5 Kxd6 39.h4 Ke7 40.h5 Kf8 41.h6 Kg8 42.Kf6 Bxc4  1/2-1/2

[Event "COOP XXIII"]
[Site "Buenos Aires"]
[Date "1997.10.25"]
[Round "7"]
[White "Seminara, Juan Pablo"]
[Black "Grynszpan, Mariano"]
[Result "0-1"]
[WhiteElo "2240"]
[BlackElo "2390"]

1.e4 e6 2.d4 d5 3.Nc3 Bb4 4.e5 b6 5.a3 Bf8 6.Bb5+ c6 7.Ba4 Ne7 8.Nf3 Nf5
9.O-O Bd7 10.Bg5 Be7 11.Bxe7 Qxe7 12.Re1 O-O 13.Ne2 c5 14.Bb3 Bb5 15.c3 Bxe2
16.Rxe2 Nc6 17.Bc2 Nh4 18.Nxh4 Qxh4 19.Re3 g6 20.Qd2 Qf4 21.g3 Qh6 22.b4 cxb4
23.cxb4 Rac8 24.f4 Nxd4 25.Rc1 Rc4 26.Bd1 Nf5 27.Rec3 Rxc3 28.Rxc3 Ra8 29.Rc7 Qf8
30.g4 Qd8 31.Rc3 Ne7 32.Rh3 Qf8 33.Qf2 Rc8 34.Bc2 Rc4 35.Bd3 Rc1+ 36.Kg2 Qg7
37.Qb2 Rc7 38.Rg3 Nc6 39.Qc1 f5 40.exf6 Nd4 41.Qe3 Qxf6 42.f5 gxf5 43.g5 f4
44.Qe1 Qf8 45.Qe5  0-1

[Event "Copa Itau Mercosul"]
[Site "Sao Paulo"]
[Date "1997.10.25"]
[Round "7"]
[White "Van Riemsdijk, Herman C"]
[Black "Rodriguez, Andres URU"]
[Result "0-1"]
[WhiteElo "2400"]
[BlackElo "2495"]

1.e4 e6 2.d4 d5 3.Nc3 Bb4 4.e5 Ne7 5.a3 Bxc3+ 6.bxc3 b6 7.Qg4 Ng6 8.h4 h5
9.Qg3 Ba6 10.Bd3 Bxd3 11.cxd3 c5 12.Ne2 Qc7 13.O-O Nc6 14.Qg5 Qe7 15.g3 Qxg5
16.Bxg5 cxd4 17.cxd4 Kd7 18.Rfc1 Rhc8 19.Kf1 b5 20.Rab1 Rab8 21.Bd2 Nge7
22.Bb4 Nxb4 23.axb4 Rxc1+ 24.Nxc1 Nc6 25.Ne2 Rb6 26.Ra1 Kc8 27.f3 Kb8 28.Rb1 Ra6
29.Kf2 Ra4 30.Nc3 Rxb4 31.Rxb4 Nxb4 32.Nxb5 Nc2 33.g4 a5 34.Ke2 Kb7 35.Nd6+ Kb6
36.Nxf7 Nxd4+ 37.Kd1 a4 38.Kc1 a3 39.Kb1 Ka5 40.Ka2 Ka4 41.Nd8 Nxf3 42.Nxe6 Nxe5
43.gxh5 Nxd3 44.Nd4 Nc1+ 45.Kb1 a2+  0-1

[Event "RUS-Cup01 Chigorin mem"]
[Site "St Petersburg"]
[Date "1997.11.03"]
[Round "3"]
[White "Aseev, Konstantin N"]
[Black "Karpeshov, Oleg"]
[Result "1-0"]
[WhiteElo "2545"]
[BlackElo "2430"]

1.e4 e6 2.d4 d5 3.Nc3 Bb4 4.e5 Ne7 5.a3 Bxc3+ 6.bxc3 c5 7.Nf3 b6 8.Bb5+ Bd7
9.Bd3 h6 10.O-O c4 11.Be2 Ba4 12.g3 Kd7 13.Nh4 Qg8 14.f4 Qh7 15.f5 g5 16.fxg6 fxg6
17.Bg4 Nf5 18.Ng2 Nc6 19.Nf4 Nce7 20.Rf2 Raf8 21.Bh3 Rf7 22.Qd2 Rhf8 23.Bb2 Ng7
24.Raf1 Qg8 25.Qe2 Ngf5 26.Bc1 Qh7 27.Nxe6 Kxe6 28.g4 Nxd4 29.cxd4 Rxf2 30.Rxf2 Rxf2
31.Qxf2 g5 32.c3 Qd3 33.Bf1 Qxc3 34.Bd2 Qxa3 35.Qf6+ Kd7 36.Qxh6 Qb2 37.Be3 Bc2
38.Qd6+ Ke8 39.e6 Ba4 40.Qb8+ Nc8 41.Qxc8+ Ke7  1-0

[Event "Budapest FS11 IM-A"]
[Site "Budapest"]
[Date "1997.11.06"]
[Round "5"]
[White "Toth, Andras"]
[Black "Karatorossian, David"]
[Result "1/2-1/2"]
[WhiteElo "2280"]
[BlackElo "2335"]

1.e4 e6 2.d4 d5 3.Nc3 Bb4 4.e5 b6 5.a3 Bxc3+ 6.bxc3 Qd7 7.Qg4 f5 8.Qg3 Ba6
9.Bxa6 Nxa6 10.Ne2 O-O-O 11.a4 Nb8 12.a5 Nc6 13.Nf4 Nxa5 14.Rxa5 bxa5 15.Nd3 g6
16.Nc5 Qb5 17.Qd3 Qxd3 18.cxd3 Ne7 19.Bg5 Rde8 20.Nxe6 h6 21.Bxe7 Rxe7 22.Nc5 Kb8
23.Kd2 Ka8 24.Ra1 Rb8 25.Kc2 Rb5 26.Nb3 c6 27.Nxa5 Rc7 28.c4 Rb6 29.Kc3 Kb8
30.Nb3 Kc8 31.Nc5 Re7 32.h4 Kd8 33.g3 Ke8 34.f3 Kf7 35.Kc2 Rc7 36.Kc3 Ke7
37.Kc2 Kf7 38.Kc3 Ke7 39.Kc2  1/2-1/2

[Event "AUT-chT2O 9798"]
[Site "Austria"]
[Date "1997.11.07"]
[Round "1"]
[White "Palkovi, Jozsef"]
[Black "Tibensky, Robert"]
[Result "1-0"]
[WhiteElo "2410"]
[BlackElo "2420"]

1.e4 e6 2.d4 d5 3.Nc3 Bb4 4.e5 b6 5.a3 Bf8 6.Nf3 Ba6 7.Bxa6 Nxa6 8.b4 Nb8
9.Ne2 Qd7 10.O-O Ne7 11.a4 Nec6 12.c3 Be7 13.Nf4 O-O 14.Qe2 Bd8 15.Re1 Ne7
16.Nh5 Ng6 17.g3 Qe8 18.h4 Nd7 19.Nh2 Kh8 20.Ng4 Rg8 21.Bg5 Ngf8 22.Bxd8 Rxd8
23.Nf4 Ng6 24.Nh3 Ne7 25.Kg2 c5 26.b5 Rc8 27.Ne3 Rf8 28.Ng5 h6 29.Nh3 Ng8
30.g4 f6 31.f4 fxe5 32.dxe5 c4 33.h5 Nc5 34.Rf1 Nd3 35.Rad1 Qe7 36.Nc2 Rce8
37.Ne1 Nxe1+ 38.Rdxe1 Qb7 39.f5 exf5 40.gxf5 Nf6 41.Nf4 Rf7 42.Qf3 Ne4 43.Kh2 Nd2
44.Qg2 Nxf1+ 45.Rxf1 Kg8 46.Ng6 Qd7 47.Qg4 Kh7 48.Kh3 Qc8 49.Rf4 Qc7 50.e6 Rf6
51.Rd4 Qc5 52.Nf4 Rd8 53.Qe2 Qa3 54.Nxd5 Rxd5 55.Rxd5 Qxc3+ 56.Kg2 Qc1 57.e7 Qg5+
58.Kh3 Qg1 59.Rd1  1-0

[Event "DEN-chT 9798"]
[Site "Denmark"]
[Date "1997.11.16"]
[Round "3"]
[White "Andersen, Dan"]
[Black "Rodgaard, John"]
[Result "1/2-1/2"]
[WhiteElo "2265"]
[BlackElo "2320"]

1.e4 e6 2.d4 d5 3.Nc3 Bb4 4.e5 Ne7 5.Bd2 Bxc3 6.Bxc3 b6 7.b4 c5 8.Bb5+ Bd7
9.Bd3 cxd4 10.Bxd4 Nbc6 11.c3 Ng6 12.Nf3 Qc7 13.Bxg6 fxg6 14.Rc1 Rc8 15.O-O O-O
16.Re1 Ne7 17.Qd2 Rxf3 18.gxf3 Bb5 19.Ra1 Rf8 20.a4 Bc4 21.a5 b5 22.a6 Rxf3
23.Kg2 Rf5 24.Re3 Nc6 25.h3 Qf7 26.Rae1  1/2-1/2

[Event "GER-ch"]
[Site "Gladenbach"]
[Date "1997.11.18"]
[Round "2"]
[White "Schmittdiel, Eckhard"]
[Black "Dittmar, Peter"]
[Result "1-0"]
[WhiteElo "2450"]
[BlackElo "2325"]

1.e4 e6 2.d4 d5 3.Nc3 Bb4 4.e5 Ne7 5.a3 Bxc3+ 6.bxc3 b6 7.Nh3 Ng6 8.f4 c5
9.Bb5+ Bd7 10.a4 Bxb5 11.axb5 Qd7 12.Qe2 c4 13.O-O Ne7 14.Ba3 g6 15.g4 h5
16.f5 gxf5 17.gxh5 Qxb5 18.Kh1 Qd7 19.Rg1 Nbc6 20.Rg7 O-O-O 21.Rxf7 Rdg8
22.Bxe7 Nxe7 23.Nf4 Qe8 24.Rf6 Rg4 25.Qe3 Rxf4 26.Qxf4 Qxh5 27.Rxe6 Ng6 28.Rxg6 Qxg6
29.Rxa7 Kb8 30.Ra1 Qg4 31.Qxg4 fxg4 32.Rg1 Rh3 33.Rg3 Rh4 34.Kg2 Kc7 35.h3 gxh3+
36.Rxh3 Rf4 37.Rh6 b5 38.Rd6 b4 39.Rxd5 bxc3 40.Kg3 Re4 41.Kf3 Rh4 42.e6 Rh7
43.Kf4 Kc6 44.Re5  1-0

[Event "Rishon Le Ziyyon 9798"]
[Site "Rishon Le Ziyyon"]
[Date "1997.12.26"]
[Round "2"]
[White "Psakhis, Lev"]
[Black "Krays, Alexander"]
[Result "1-0"]
[WhiteElo "2565"]
[BlackElo "2375"]

1.e4 e6 2.d4 d5 3.Nc3 Bb4 4.e5 b6 5.a3 Bxc3+ 6.bxc3 Qd7 7.Qg4 f5 8.Qg3 Ba6
9.Bxa6 Nxa6 10.Ne2 Nb8 11.Nf4 Nc6 12.Nxe6 Qxe6 13.Qxg7 O-O-O 14.Qxh8 Qg6
15.O-O Re8 16.h4 Nd8 17.e6 Rxe6 18.h5 Qf7 19.Bg5 Re8 20.Bxd8 Rxd8 21.Qe5 Qxh5
22.Rfe1 Nh6 23.Qf4 Rd7 24.Re6  1-0

[Event "Adelquis Remon"]
[Site "Adelquis Remon"]
[Date "1997.??.??"]
[Round "?"]
[White "Leyva, Ricardo"]
[Black "Paneque, Pedro"]
[Result "0-1"]
[WhiteElo "2250"]
[BlackElo "2345"]

1.e4 e6 2.d4 d5 3.Nc3 Bb4 4.e5 Qd7 5.a3 Bf8 6.f4 Ne7 7.Nf3 b6 8.Be3 h5 9.Bf2 Nf5
10.b4 c6 11.Bd3 Ba6 12.O-O Be7 13.g3 Bxd3 14.Qxd3 a5 15.Na4 Qb7 16.Rfb1 axb4
17.axb4 O-O 18.h3 g6 19.Kg2 Nd7 20.g4 Ng7 21.Bh4 Rfe8 22.Bxe7 Rxe7 23.Nh4 Rae8
24.f5 exf5 25.gxf5 Nxe5 26.dxe5 Rxe5 27.Rf1 Re3 28.Qd4 Qc7 29.Rf3 Rxf3 30.Nxf3 Re2+
31.Kf1 Nxf5 32.Qxb6 Ng3+ 33.Kg1 Qf4 34.Qd8+ Kg7  0-1

[Event "Adelquis Remon"]
[Site "Adelquis Remon"]
[Date "1997.??.??"]
[Round "?"]
[White "Vazquez, Renier"]
[Black "Ramirez, Carlos"]
[Result "1-0"]
[WhiteElo "2360"]
[BlackElo "2320"]

1.e4 e6 2.d4 d5 3.Nc3 Bb4 4.e5 Ne7 5.a3 Bxc3+ 6.bxc3 c5 7.h4 Bd7 8.h5 h6
9.Qg4 Kf8 10.Qd1 Ba4 11.Nf3 c4 12.g3 Ke8 13.Bh3 Kd7 14.O-O Qg8 15.Nh4 Qh7
16.Ra2 Nbc6 17.f4 Nf5 18.Qf3 Nxh4 19.Qxd5+ Ke8 20.Qxc4 Bxc2 21.gxh4 Bd3 22.Qb3 Bxf1
23.Bxf1 Qe4 24.Qd1 Qd5 25.Rb2 Qd7 26.Be3 Kf8 27.c4 Kg8 28.d5 Ne7 29.Bg2 b6
30.Rd2 Rc8 31.Bh3 Nf5 32.Bf2 Qc7 33.Qb1 Qxc4 34.Bxf5 exf5 35.Qxf5 Rc5 36.Kg2 Qc1
37.Rd3 Rc3 38.e6 fxe6 39.dxe6 Rxd3 40.Qf7+ Kh7 41.Qg6+  1-0

[Event "Adelquis Remon"]
[Site "Adelquis Remon"]
[Date "1997.??.??"]
[Round "?"]
[White "Vazquez, Renier"]
[Black "Barrio, D."]
[Result "1/2-1/2"]
[WhiteElo "2360"]
[BlackElo "2355"]

1.e4 e6 2.d4 d5 3.Nc3 Bb4 4.e5 Ne7 5.a3 Bxc3+ 6.bxc3 c5 7.h4 Qa5 8.Bd2 Nbc6
9.h5 h6 10.Nf3 Bd7 11.Bd3 O-O-O 12.O-O c4 13.Be2 f5 14.Nh4 Rdg8 15.g3 g6
16.hxg6 Nxg6 17.Nxg6 Rxg6 18.Bh5 Rg7 19.Qe1 Be8 20.Bxe8 Rxe8 21.Bxh6 Rh7
22.Bg5 Reh8 23.Kg2 Rh2+ 24.Kf3 R2h5 25.Bf6 R8h7 26.Ke3 Qc7 27.Qe2 Qf7 28.Qf3 Qg6
29.Kd2 Nd8 30.Rg1 Qg4 31.Qxg4 fxg4 32.Raf1 Rh2 33.Bh4 Rf7 34.Bf6 Rfh7 35.Bg5 Nf7
36.Be3 R7h5 37.Kd1 Ng5 38.Bxg5 Rxg5 39.Rh1 Rxh1 40.Rxh1 Rf5 41.Rh8+ Kd7 42.Rh7+ Kc8
43.Rg7 Rxf2 44.Rxg4 Rf1+ 45.Kd2 Ra1 46.Rg6 Kd7 47.Rg7+ Ke8 48.Rxb7 Rxa3 49.g4 a5
50.g5 Ra1 51.g6 Rg1 52.g7 a4 53.Ra7 a3 54.Rxa3 Rxg7 55.Ra8+ Kf7 56.Ra7+ Kg6
57.Rxg7+ Kxg7 58.Kc1 Kf8 59.Kb2 Ke8 60.Ka3 Kd7 61.Kb4 Kc6 62.Ka5 Kc7 63.Kb5  1/2-1/2

[Event "Regionalliga SW9798"]
[Site "Bayern"]
[Date "1997.??.??"]
[Round "?"]
[White "Wengler, Joerg"]
[Black "Weinberger, Wolfgang"]
[Result "0-1"]
[WhiteElo "2005"]
[BlackElo "2010"]

1.e4 e6 2.d4 d5 3.Nc3 Bb4 4.e5 b6 5.a3 Bxc3+ 6.bxc3 Qd7 7.f4 Ba6 8.Bd3 Ne7
9.Nf3 Bxd3 10.Qxd3 Nbc6 11.Ng5 h5 12.Qh3 Na5 13.O-O g6 14.g4 c5 15.a4 Nc4
16.Rf2 Qc6 17.Bd2 Rc8 18.Be1 Rh6 19.Rg2 Ng8 20.Bf2 hxg4 21.Qxg4 Ne7 22.Nf3 Rh5
23.Re1 Nf5 24.Nh4 Nd2 25.Nxg6 Rh6 26.Qe2 Ne4 27.c4 Nxf2 28.Qxf2 Rxg6 29.dxc5 Qxc5
30.cxd5 Qxf2+ 31.Kxf2 Rxc2+  0-1

[Event "Oberliga Bayern9697"]
[Site "Bayern"]
[Date "1997.??.??"]
[Round "?"]
[White "Wach, Markus"]
[Black "Arbakov, Valentin"]
[Result "1/2-1/2"]
[WhiteElo "2390"]
[BlackElo "2510"]

1.e4 e6 2.d4 d5 3.Nc3 Bb4 4.e5 b6 5.a3 Bf8 6.Nf3 c5 7.Ne2 Ba6 8.c3 Qd7 9.h4 h5
10.g3 Nc6 11.Bh3 cxd4 12.cxd4 Nge7 13.O-O Na5 14.Re1 Bc4 15.Nf4 Bb3 16.Qe2 Bc4
17.Qe3 Nb3 18.Rb1 g6 19.Bd2 Bh6 20.Bc3 O-O-O 21.Nd2 Nxd2 22.Bxd2 Kb7 23.b3 Ba6
24.Qf3 Rc8 25.Rec1 Nc6 26.Be3 Bxf4 27.Qxf4 Bd3 28.Rb2 Na5 29.Rxc8 Rxc8 30.Bd2 Nc6
31.Qe3 Ba6 32.Rb1 Qe7 33.Ra1 Rc7 34.Kh2 Bb5 35.a4 Ba6 36.Rc1 Kb8 37.Bg2 Qa3
38.Rc3 Qb2 39.Kh3 Qb1 40.Kh2 Qa1 41.Qf4 Qd1 42.Bxd5 Bb7 43.Bf3 Qf1 44.Bg2 Qe2
45.Be3 Qb2 46.Bd2 Nd8 47.Rxc7 Kxc7 48.Bxb7 Kxb7 49.Qf3+ Kc7 50.Qd3 Nc6 51.Be3 Qa3
52.d5 exd5 53.Qxd5 Qe7 54.Bf4 Qe6 55.Qd3 Kb7 56.Qc3 Qd5 57.e6 Qxe6 58.Qd3 f5
59.Qd2 a5 60.Qd3 Nb4 61.Qd8 Qc6 62.Qe7+ Ka8 63.Qd8+ Kb7 64.Qe7+ Ka8  1/2-1/2

[Event "BEL-chT9697"]
[Site "BEL"]
[Date "1997.??.??"]
[Round "7"]
[White "Riemens, Albert"]
[Black "Van Uytven, Eric"]
[Result "1-0"]
[WhiteElo "2180"]
[BlackElo "2110"]

1.e4 e6 2.d4 d5 3.Nc3 Bb4 4.e5 b6 5.Bd2 Ba6 6.Bxa6 Nxa6 7.Nce2 Bf8 8.c3 Qd7
9.Nf3 O-O-O 10.b4 Nb8 11.a4 f6 12.O-O Ne7 13.Nf4 Ng6 14.Nd3 Be7 15.Qc2 Kb7
16.Rfc1 Rc8 17.Qb2 fxe5 18.Nfxe5 Nxe5 19.Nxe5 Qe8 20.b5 Bd6 21.Bf4 Rf8 22.Bg3 Bxe5
23.Bxe5 g5 24.c4 dxc4 25.Rxc4 Nd7 26.Rac1 Nxe5 27.dxe5 h6 28.Qc2 Rf7 29.Rc6 Rd7
30.g3 Qf7 31.a5 Rf8 32.axb6 axb6 33.Ra1 Ra8 34.Rxb6+  1-0

[Event "Benasque op"]
[Site "Benasque"]
[Date "1997.??.??"]
[Round "3"]
[White "Al Modiahki, Mohamad"]
[Black "Vaisser, Anatoli"]
[Result "0-1"]
[WhiteElo "2410"]
[BlackElo "2580"]

1.e4 e6 2.d4 d5 3.Nc3 Bb4 4.e5 Ne7 5.Bd2 b6 6.Nce2 Bxd2+ 7.Qxd2 Ba6 8.f4 c5
9.c3 Nbc6 10.Nf3 Rc8 11.O-O-O Bxe2 12.Bxe2 cxd4 13.Nxd4 Nxd4 14.Qxd4 O-O
15.Kb1 Nc6 16.Qe3 Na5 17.Bd3 f5 18.exf6 Qxf6 19.Rhe1 Rc6 20.g3 Rd6 21.Bc2 g6
22.h4 Nc4 23.Qd4 Qxd4 24.Rxd4 Kg7 25.Kc1 h5 26.b3 Na5 27.Kb2 Nc6 28.Rd2 b5
29.Rde2 Kf6 30.g4 hxg4 31.Rg1 Rh8 32.Rxg4 Ne7 33.Reg2 Rh6 34.Bd3 a6 35.Ka3 Rc6
36.Kb4 Rc8 37.R2g3 Nf5 38.Bxf5 exf5 39.Rg5 Rc6 40.h5 gxh5 41.Rd3 Rd6 42.Kc5 Rd7
43.Kc6 Rg7 44.Rxg7 Kxg7+ 45.Kxd5 h4 46.Ke5 h3 47.Rd1 Rc6 48.Rd7+ Kf8 49.Rd3 Rh6
50.Rd1 Rc6 51.Rc1 Rc5+ 52.Kd6 Rc8 53.Ke6  0-1

[Event "Berliner Sommer"]
[Site "Berlin"]
[Date "1997.??.??"]
[Round "4"]
[White "Suetin, Alexey S"]
[Black "Skorna, Ullrich"]
[Result "1-0"]
[WhiteElo "2410"]
[BlackElo "2205"]

1.e4 e6 2.d4 d5 3.Nc3 Bb4 4.e5 Ne7 5.Nf3 c5 6.a3 Bxc3+ 7.bxc3 Qa5 8.Bd2 Nbc6
9.a4 Bd7 10.g3 h6 11.Bg2 c4 12.O-O O-O-O 13.Qc1 Kb8 14.Qa3 Ka8 15.Rfb1 Bc8
16.Rb5 Qa6 17.Bc1 Rd7 18.Qb2 Na5 19.Qb1 Nec6 20.Ba3 Rdd8 21.Qc1 b6 22.Qf4 Qb7
23.h4 Qd7 24.Rab1 Qe8 25.Nd2 Bb7 26.Nf1 Rd7 27.h5 Qd8 28.Re1 Bc8 29.g4 Rb7
30.Qg3 Qg8 31.Ne3 Rd7 32.f4 g6 33.Qh4 Qg7 34.Re2 gxh5 35.Qxh5 f6 36.Rf2 Ne7
37.f5 Rdd8 38.fxe6  1-0

[Event "Biel op MTO"]
[Site "Biel"]
[Date "1997.??.??"]
[Round "6"]
[White "Di Fonzo, Valerio"]
[Black "Sedina, Elena"]
[Result "0-1"]
[WhiteElo "2225"]
[BlackElo "2400"]

1.e4 e6 2.d4 d5 3.Nc3 Bb4 4.e5 Ne7 5.a3 Bxc3+ 6.bxc3 c5 7.a4 Qc7 8.Nf3 Nbc6
9.Bb5 Bd7 10.Ba3 c4 11.Bxc6 Bxc6 12.O-O O-O-O 13.a5 h6 14.Qb1 Qd7 15.Bc5 Kb8
16.Qb4 Rde8 17.Rfb1 Nc8 18.Qa3 g5 19.Rb4 Reg8 20.Bd6+ Ka8 21.Bc5 h5 22.Rab1 h4
23.Qb2 a6 24.Qa3 g4 25.Nd2 f6 26.exf6 Rh6 27.Be7 Nxe7 28.fxe7 Qxe7 29.Qc1 Rf6
30.Qe1 Rgf8 31.f3 e5 32.Qxh4 exd4 33.Re1 Qc5 34.Qf2 gxf3 35.Nxf3 Rf4 36.Rbb1 Qxa5
37.cxd4 Re4 38.Re3 Qd8 39.Rf1 Qe7 40.Rfe1 Bd7 41.Qe2 Rff4 42.Ne5 Rxe3 43.Qxe3 Re4
44.Qf2 Rxe1+ 45.Qxe1 Bf5 46.c3 Be4 47.Qg3 a5 48.h3 a4 49.Qg8+ Ka7 50.Qc8 Qg5
51.Qc5+ Ka6 52.Qd6+ b6 53.Ng4 Qd2 54.Qg3 a3  0-1